[Event "Titled Tue 10th Jun Early"]
[Site "chess.com INT"]
[Date "2025.06.10"]
[Round "2"]
[White "Devaev, Alexander"]
[Black "Van Baar, Esper"]
[Result "1-0"]
[WhiteTitle "FM"]
[BlackTitle "FM"]
[WhiteElo "2306"]
[BlackElo "2232"]
[WhiteFideId "4169395"]
[BlackFideId "1049321"]
[EventDate "2025.06.10"]

1. d4 d5 2. Nf3 Nf6 3. c4 e6 4. Nc3 Be7 5. e3 O-O 6. b3 dxc4 7. bxc4 c5 8. Bb2
cxd4 9. exd4 b6 10. Be2 Bb7 11. O-O Nbd7 12. Rc1 Rc8 13. Re1 Re8 14. Bd3 Nf8 15.
Qe2 Bd6 16. Rcd1 Bb8 17. Ne5 Ng6 18. g3 Qc7 19. f4 Rcd8 20. h4 Nxe5 21. fxe5 Qc6
22. Kh2 Rxd4 23. Bxh7+ Nxh7 24. Rxd4 Bxe5 25. Rd2 Nf6 26. Kh3 Bb8 27. Qf1 Rc8
28. Rd4 Qc5 29. Nb5 a6 30. Na3 Qc7 31. Qf2 b5 32. cxb5 Ba7 33. bxa6 Bxd4 34.
Bxd4 Bxa6 35. Bxf6 gxf6 36. Qxf6 Qa5 37. Qg5+ Qxg5 38. hxg5 Rc3 39. Nb1 Rc2 40.
a3 Bb7 41. Rd1 Bf3 42. Re1 Kg7 43. a4 Kg6 44. a5 Ra2 45. Kh4 Rxa5 46. Nd2 Bd5
47. Rf1 Ra4+ 48. Kh3 Ra2 49. Nf3 Bxf3 50. Rxf3 Kxg5 51. Rxf7 e5 52. Rg7+ Kf5 53.
Rf7+ Ke4 54. g4 Kd3 55. g5 e4 56. g6 e3 57. g7 e2 58. g8=Q e1=Q 59. Qd8+ Kc2 60.
Rc7+ Kb1 61. Qd3+ Ka1 62. Qd4+ Kb1 63. Rb7+ 1-0

[Event "Titled Tue 10th Jun Early"]
[Site "chess.com INT"]
[Date "2025.06.10"]
[Round "2"]
[White "Sathvik Adiga"]
[Black "Martinez Martin, David 1981"]
[Result "0-1"]
[WhiteTitle "IM"]
[BlackTitle "IM"]
[WhiteElo "2341"]
[BlackElo "2369"]
[WhiteFideId "25745700"]
[BlackFideId "2209748"]
[EventDate "2025.06.10"]

1. e4 c5 2. Nf3 d6 3. d4 cxd4 4. Nxd4 Nf6 5. Nc3 g6 6. Be3 Bg7 7. f3 O-O 8. Qd2
Nc6 9. O-O-O d5 10. Qe1 e6 11. g4 e5 12. Nxc6 bxc6 13. exd5 cxd5 14. Bg5 d4 15.
Qxe5 Nxg4 16. Qf4 Qa5 17. Ne4 f6 18. Bc4+ Kh8 19. fxg4 fxg5 20. Qxg5 Qxg5+ 21.
Nxg5 Bh6 22. h4 Bxg4 23. Rxd4 Bf5 24. Re1 Rac8 25. Re7 Bg7 26. Bb3 Bxc2 27. Bxc2
Rf1+ 28. Rd1 Rf2 29. Rd2 Bxb2+ 30. Kd1 Rxd2+ 31. Kxd2 Bc3+ 32. Kd1 Bf6 33. Bb3
Bxe7 34. Nf7+ Kg7 35. Ne5 Bxh4 36. Kd2 Bg5+ 37. Kd3 Bf6 38. Nc4 Rd8+ 39. Ke4 h5
40. Ne3 h4 41. Ng4 h3 42. Kf3 Bg5 43. Kg3 Rd3+ 44. Kh2 Bf4+ 45. Kh1 Rd2 46. Nf2
Rxf2 47. Kg1 Rd2 48. Kf1 h2 49. Bd5 Rxd5 50. Kg2 Rd2+ 51. Kf3 h1=Q+ 52. Kxf4
Qf1+ 53. Ke5 Qe2+ 54. Kf4 Qf2+ 55. Ke4 Re2+ 56. Kd3 Qe3+ 57. Kc4 Rc2+ 58. Kd5
Qd3+ 59. Ke5 Re2+ 60. Kf4 Qe3+ 61. Kg4 Qe4+ 62. Kg3 Re3+ 63. Kf2 Qf3+ 64. Kg1
Re1+ 65. Kh2 Re2+ 66. Kg1 Qg2# 0-1

[Event "Titled Tue 10th Jun Early"]
[Site "chess.com INT"]
[Date "2025.06.10"]
[Round "2"]
[White "Teh, Wee Zhun"]
[Black "Silva, Luca"]
[Result "1-0"]
[WhiteTitle "CM"]
[BlackTitle "FM"]
[WhiteElo "2010"]
[BlackElo "2211"]
[WhiteFideId "5707277"]
[BlackFideId "147370"]
[EventDate "2025.06.10"]

1. d4 Nf6 2. c4 e6 3. Nc3 Bb4 4. f3 c5 5. d5 O-O 6. e4 d6 7. Ne2 b5 8. Nf4 e5 9.
Ne2 bxc4 10. Bd2 Ne8 11. Ng3 g6 12. Bxc4 Ng7 13. O-O f5 14. exf5 gxf5 15. f4 Qh4
16. a3 Bxc3 17. Bxc3 exf4 18. Bxg7 Kxg7 19. Rxf4 Qg5 20. Qf3 Nd7 21. Rxf5 Rxf5
22. Nxf5+ Kh8 23. Nxd6 Qf6 24. Nf7+ Kg7 25. d6 Qxf3 26. gxf3 Bb7 27. Kf2 Rf8 28.
Rg1+ Kf6 29. Nh6 Ke5 30. Ng4+ Kxd6 31. Rd1+ Kc7 32. Be6 Nb6 33. Ne5 Rf6 34. Bg4
Nd5 35. Kg3 Nb6 36. Rd2 c4 37. Rc2 Bd5 38. Rd2 Bb7 39. Rc2 Bd5 40. Rd2 Kd6 41.
f4 Kc5 42. Rc2 Rf8 43. b3 Rg8 44. bxc4 Be6 45. h3 h5 46. Nd3+ Kd4 47. Ne5 hxg4
48. hxg4 Bxc4 49. Rd2+ Kc3 50. Rd6 Bd3 51. Nxd3 Kc2 52. Ne5 Nc4 53. Nxc4 Kc3 54.
Ne5 Rc8 55. Ra6 Kb3 56. Rxa7 Rc3+ 57. Kh4 Rc1 58. Kg5 Rh1 59. Rd7 Rh8 60. f5
Rg8+ 61. Kf4 Kc3 62. f6 1-0

[Event "Titled Tue 10th Jun Early"]
[Site "chess.com INT"]
[Date "2025.06.10"]
[Round "2"]
[White "Safin Safarullakhan"]
[Black "Toropov, Pavel"]
[Result "1/2-1/2"]
[WhiteTitle "CM"]
[BlackTitle "FM"]
[WhiteElo "2028"]
[BlackElo "2308"]
[WhiteFideId "33379475"]
[BlackFideId "24129178"]
[EventDate "2025.06.10"]

1. e4 e6 2. d4 d5 3. e5 c5 4. c3 Qb6 5. Nf3 Bd7 6. a3 cxd4 7. cxd4 Bb5 8. Bxb5+
Qxb5 9. Nc3 Qa6 10. Bd2 Nc6 11. b4 Qd3 12. Qe2 Qxe2+ 13. Kxe2 O-O-O 14. b5 Nce7
15. Rhc1 Kb8 16. a4 h5 17. a5 Nf5 18. b6 a6 19. Na4 Nge7 20. Rc7 Nc6 21. Kd3 Be7
22. Rc1 Rc8 23. Rd7 Rhd8 24. Rxd8 Rxd8 25. Nc5 Bxc5 26. Rxc5 Kc8 27. h3 Kd7 28.
g4 hxg4 29. hxg4 Nh6 30. Bxh6 gxh6 31. Nd2 Rc8 32. Nb3 Nb4+ 33. Kc3 Nc6 34. Kd3
Nb4+ 35. Ke2 Rxc5 36. Nxc5+ Kc6 37. f4 Nc2 38. Kd3 Na3 39. f5 exf5 40. gxf5 Nc4
41. e6 fxe6 42. Nxe6 Kd6 43. Nd8 Nxa5 44. f6 Kd7 45. Nf7 Ke6 46. Nxh6 Kxf6 47.
Ng4+ Ke6 48. Ne5 Nc4 49. Nxc4 dxc4+ 50. Kxc4 Kd6 51. d5 a5 52. Kb5 Kxd5 53. Kxa5
Kc5 54. Ka4 Kxb6 55. Kb4 Kc6 56. Kc4 Kb6 57. Kb4 Ka6 58. Ka4 b6 59. Kb4 b5 60.
Kb3 Ka5 61. Ka3 b4+ 62. Kb3 Kb5 63. Kb2 Ka4 64. Ka2 b3+ 65. Kb2 Kb4 66. Kb1 Kc4
67. Kb2 Kb4 68. Kb1 Ka3 69. Ka1 Ka4 70. Kb2 Kb4 1/2-1/2

[Event "Titled Tue 10th Jun Early"]
[Site "chess.com INT"]
[Date "2025.06.10"]
[Round "2"]
[White "Kozak, Antoni"]
[Black "Kazakov, Mikhail"]
[Result "0-1"]
[BlackTitle "GM"]
[WhiteElo "2426"]
[BlackElo "2513"]
[WhiteFideId "21832030"]
[BlackFideId "14102749"]
[EventDate "2025.06.10"]

1. e4 e5 2. Nf3 Nc6 3. g3 Nf6 4. d3 g6 5. Bg2 Bg7 6. O-O O-O 7. Nc3 d6 8. d4 Bg4
9. d5 Nd4 10. Be3 Re8 11. Re1 c6 12. dxc6 bxc6 13. Bxd4 exd4 14. Qxd4 Nxe4 15.
Qc4 Bxc3 16. bxc3 d5 17. Qd3 Bxf3 18. Bxf3 Nd6 19. Qd4 Qd7 20. h4 h5 21. Qf6
Rxe1+ 22. Rxe1 Re8 23. Rd1 Qe6 24. Qf4 Qe5 25. Qxe5 Rxe5 26. Rb1 Re7 27. Rb8+
Kg7 28. a4 Kf6 29. Kf1 Rb7 30. Ra8 Nc4 31. Be2 Nb6 32. Rd8 Ke7 33. Rh8 Nxa4 34.
c4 Nc3 35. Bd3 d4 36. f3 Kd6 37. g4 hxg4 38. fxg4 Kc5 39. h5 gxh5 40. gxh5 a5
41. h6 f5 42. Rf8 Rh7 43. Rxf5+ Kb4 44. Rf6 Rh8 45. h7 a4 46. Rxc6 a3 47. Rb6+
Kc5 48. Ra6 a2 49. Kg2 Kb4 50. Rb6+ Kc5 51. Ra6 Kb4 52. Rb6+ Ka3 53. Ra6+ Na4
54. Kf3 a1=Q 55. Ke4 Qe1+ 56. Kd5 Qe7 57. Kxd4 Rd8+ 58. Rd6 Qg7+ 59. Kd5 Qg5+
60. Kc6 Rxd6+ 61. Kxd6 Qh6+ 62. Kd5 Kb4 63. Ke5 Kc5 64. Bf5 Nb6 65. Be6 Nxc4+
66. Kf5 Qxh7+ 67. Kf4 Qxc2 68. Bf5 Qd2+ 69. Kg4 Kd4 70. Kh5 Qe3 71. Bg4 Ke5 72.
Kh4 Kf6 73. Kh5 Qg5# 0-1

[Event "Titled Tue 10th Jun Early"]
[Site "chess.com INT"]
[Date "2025.06.10"]
[Round "2"]
[White "Sai, Han Thiha"]
[Black "Suleymanli, Suleyman"]
[Result "0-1"]
[WhiteTitle "FM"]
[BlackTitle "FM"]
[WhiteElo "2121"]
[BlackElo "2308"]
[WhiteFideId "13012290"]
[BlackFideId "13416375"]
[EventDate "2025.06.10"]

1. Nf3 d5 2. g3 Nf6 3. Bg2 Bg4 4. O-O Nbd7 5. h3 Bh5 6. d3 c6 7. Nbd2 e5 8. e4
Bd6 9. Qe1 O-O 10. Nh4 Bg6 11. Nxg6 hxg6 12. Qe2 a5 13. a4 Nc5 14. b3 Re8 15.
Bb2 Qb6 16. h4 Rad8 17. Kh1 Qa6 18. Qe1 Ne6 19. Nf3 dxe4 20. dxe4 Bb4 21. c3 Bd6
22. b4 Rd7 23. Bh3 Rdd8 24. Ng5 Nf8 25. Rg1 Qb6 26. Ba3 axb4 27. cxb4 Qa6 28.
Bb2 Qc4 29. Bc3 N8h7 30. Bf1 Qb3 31. a5 Nxg5 32. hxg5 Nh7 33. Rb1 Qe6 34. Qe3
Qg4 35. Bd2 Be7 36. f4 Rd4 37. Bc3 Rd7 38. Rg2 Bd6 39. Be2 exf4 40. Rh2 Qxg3 41.
Qxg3 fxg3 42. Rh4 Nxg5 43. Kg2 Nxe4 44. Rbh1 f6 45. Bc4+ Kf8 46. Rh8+ Ke7 47.
Rxe8+ Kxe8 48. Be1 Bf8 49. Rh8 f5 50. a6 bxa6 51. Bxa6 Ra7 52. b5 Kf7 53. Kh3
cxb5 54. Bxb5 Rc7 55. Ba5 Rc5 56. Rxf8+ Kxf8 57. Bb4 Kf7 58. Bxc5 Nxc5 59. Kxg3
Kf6 60. Kf4 g5+ 61. Kf3 Ne6 62. Kg3 Ke5 63. Kf3 g4+ 64. Ke3 f4+ 65. Kf2 g3+ 66.
Kg2 Nd4 67. Bd3 g5 68. Kh3 Kf6 69. Kg4 g2 0-1

[Event "Titled Tue 10th Jun Early"]
[Site "chess.com INT"]
[Date "2025.06.10"]
[Round "2"]
[White "Aloma Vidal, Robert"]
[Black "Zaw, Ye Htut"]
[Result "0-1"]
[WhiteTitle "IM"]
[BlackTitle "CM"]
[WhiteElo "2373"]
[BlackElo "2180"]
[WhiteFideId "2260409"]
[BlackFideId "13013955"]
[EventDate "2025.06.10"]

1. h4 d5 2. d4 c5 3. e3 Nc6 4. c4 dxc4 5. d5 Ne5 6. f4 Nd3+ 7. Bxd3 cxd3 8. Qxd3
e6 9. Nc3 Nf6 10. e4 exd5 11. e5 c4 12. Qe2 Nd7 13. Be3 Bb4 14. O-O-O Bxc3 15.
bxc3 Qa5 16. Bd4 Nc5 17. g4 Nd3+ 18. Kb1 Bxg4 19. Qg2 Bxd1 20. Ka1 Qa3 21. Qd2
Nc1 22. Kb1 Bb3 23. axb3 Nxb3 24. Qb2 Qxb2+ 25. Kxb2 Nxd4 26. cxd4 Rc8 27. Kc3
g6 28. h5 Ke7 29. Ne2 Rc6 30. f5 gxf5 31. Nf4 Rhc8 32. Nxd5+ Ke6 33. Nf4+ Ke7
34. Nd5+ Kf8 35. Rg1 b5 36. Ne3 a5 37. Nxf5 b4+ 38. Kc2 c3 39. d5 b3+ 40. Kxb3
Rb6+ 41. Kc2 Rb2+ 42. Kd3 c2 43. Rc1 Rb1 44. Rxc2 Rxc2 45. Kxc2 Rb5 46. Ne3 a4
47. d6 Ke8 48. Nc4 a3 49. Nxa3 Rxe5 50. h6 Rh5 51. Nc4 Rxh6 52. Kd3 Kd7 53. Ke4
Rxd6 54. Ne5+ Ke6 55. Nf3 f5+ 56. Kf4 h6 57. Ke3 Kd5 58. Kf4 Ke6 59. Ke3 Ra6 60.
Nd4+ Kf6 61. Nb5 Ra5 62. Nd6 Ra3+ 63. Kf4 h5 64. Ne8+ Kg6 65. Nc7 Ra4+ 66. Kg3
h4+ 67. Kh3 Kh5 68. Ne6 Ra3+ 69. Kg2 Kg4 70. Nd4 h3+ 71. Kf2 Ra2+ 72. Kg1 h2+
73. Kh1 Kh3 74. Nxf5 Ra1# 0-1

[Event "Titled Tue 10th Jun Early"]
[Site "chess.com INT"]
[Date "2025.06.10"]
[Round "2"]
[White "Ghafourian, Amir Ali"]
[Black "Novozhilov, Semen"]
[Result "1-0"]
[WhiteTitle "CM"]
[BlackTitle "FM"]
[WhiteElo "2111"]
[BlackElo "2352"]
[WhiteFideId "12533831"]
[BlackFideId "24289167"]
[EventDate "2025.06.10"]

1. e4 c5 2. Nf3 Nc6 3. d4 cxd4 4. Nxd4 Nf6 5. Nc3 d6 6. Bg5 e6 7. Qd2 a6 8.
O-O-O Bd7 9. f4 b5 10. Bxf6 gxf6 11. Kb1 Qb6 12. Nxc6 Bxc6 13. f5 O-O-O 14. fxe6
fxe6 15. a3 h5 16. g3 Bh6 17. Qd3 Kc7 18. Bh3 Rhe8 19. Rhf1 Bg7 20. Ne2 a5 21.
Nf4 Bd7 22. Nxh5 Bh8 23. Nxf6 Bxf6 24. Rxf6 b4 25. a4 Qc5 26. b3 Re7 27. Bf1 Bc6
28. Qd4 Qxd4 29. Rxd4 e5 30. Rc4 Kb6 31. Bd3 Rh7 32. Rf2 Rdh8 33. h4 Rg7 34. Rf3
Rg4 35. Rf6 Rd8 36. h5 Rxg3 37. h6 Rh3 38. Kb2 Rh2 39. Kb1 Rd7 40. Rg6 Rd8 41.
Kb2 Rd7 42. Rxc6+ Kxc6 43. Bb5+ Kc7 44. Bxd7 Kxd7 45. Rg7+ Kc6 46. h7 Kc5 47.
Rd7 Rh6 48. Ra7 Kd4 49. Rxa5 Kxe4 50. Ra7 d5 51. Rd7 d4 52. a5 Rh2 53. a6 d3 54.
Rxd3 Rxh7 55. Rd6 Rc7 56. Kc1 Kf4 57. Kd2 e4 58. Rf6+ Ke5 59. Rb6 Ra7 60. Ke3
Rc7 61. Rb5+ Kd6 62. Kxe4 Rxc2 63. Ra5 Rc8 64. a7 Ra8 65. Kd4 Kc6 66. Kc4 Kb7
67. Kxb4 Kb6 68. Ra1 Kc6 69. Ra2 Kb6 70. Ra5 Kc6 71. Ra6+ Kb7 72. Kb5 Kc7 73. b4
Kb7 74. Ra1 Kc7 75. Rh1 Kd6 76. Rh7 1-0

[Event "Titled Tue 10th Jun Early"]
[Site "chess.com INT"]
[Date "2025.06.10"]
[Round "2"]
[White "Kotyk, Michael"]
[Black "Hobson, Kenneth"]
[Result "1-0"]
[WhiteTitle "CM"]
[BlackTitle "FM"]
[WhiteElo "2241"]
[BlackElo "2361"]
[WhiteFideId "16214501"]
[BlackFideId "480819"]
[EventDate "2025.06.10"]

1. d4 Nf6 2. c4 g6 3. Nc3 Bg7 4. e4 d6 5. Nf3 O-O 6. Be2 Nbd7 7. O-O e5 8. dxe5
dxe5 9. Bg5 h6 10. Bh4 c6 11. Qc2 Nc5 12. Rfd1 Qc7 13. Bg3 Nh5 14. b4 Ne6 15. c5
Nxg3 16. hxg3 Nd4 17. Qb2 Nxe2+ 18. Nxe2 Be6 19. Nc1 Rfd8 20. Nd3 f6 21. a4 Rd7
22. Qc3 Rad8 23. Nb2 f5 24. Nd2 f4 25. Ndc4 b5 26. cxb6 axb6 27. a5 b5 28. Nb6
Rxd1+ 29. Rxd1 fxg3 30. Qxg3 Rxd1+ 31. Nxd1 Qd6 32. Ne3 g5 33. Qf3 Qxb4 34. a6
Qa5 35. Na8 Qxa6 36. Nc7 Qa1+ 37. Kh2 Bf7 38. Nf5 Bf8 39. Qd3 Qc1 40. g3 Qb2 41.
Kg2 Qb4 42. Qd8 Qc5 43. Nxh6+ Kg7 44. Nf5+ Kg8 45. Qxg5+ Kh7 46. Qh4+ Kg6 47.
Qg4+ Kh7 48. Qg5 Bg6 49. Qf6 Bxf5 50. Qxf5+ Kg8 51. Ne6 Qe7 52. Qg6+ Kh8 53. Ng5
Qg7 54. Qh5+ Kg8 55. Ne6 Qf6 56. Ng5 Qg7 57. Qg4 Be7 58. Qe6+ Kh8 59. Nf7+ Kh7
60. Nxe5 Bf6 61. Ng4 Bd4 62. Qf5+ Kg8 63. Qe6+ Kh7 64. e5 b4 65. Nf6+ Kg6 66.
Qg4+ Kf7 67. Qd7+ Kg6 68. Qxd4 b3 69. Qd3+ Kf7 70. Qxb3+ Kg6 71. Qf3 Qf7 72.
Qg4+ Kh6 73. Qh4+ Kg6 74. Qe4+ Kg7 75. Ng4 c5 76. Ne3 Qe6 77. Nf5+ Kf7 78. Nd6+
Ke7 79. Qh7+ Kd8 80. Qb7 Qxe5 81. Ne4 c4 82. Qc6 1-0

[Event "Titled Tue 10th Jun Early"]
[Site "chess.com INT"]
[Date "2025.06.10"]
[Round "2"]
[White "Demirtas, Alper"]
[Black "Nguyen, Ngoc Truong Son"]
[Result "1/2-1/2"]
[WhiteTitle "CM"]
[BlackTitle "GM"]
[WhiteElo "2205"]
[BlackElo "2600"]
[WhiteFideId "44576781"]
[BlackFideId "12401110"]
[EventDate "2025.06.10"]

1. Nf3 Nf6 2. c4 e6 3. g3 d5 4. Bg2 Be7 5. O-O O-O 6. d4 dxc4 7. Qc2 a6 8. a4
Bd7 9. Qxc4 Bc6 10. Bg5 Nbd7 11. Nc3 h6 12. Bxf6 Nxf6 13. Rfd1 a5 14. Qd3 Bxf3
15. Bxf3 c6 16. Ne4 Qb6 17. b3 Rfd8 18. e3 c5 19. dxc5 Rxd3 20. cxb6 Rxb3 21.
Nxf6+ Bxf6 22. Rab1 Rb4 23. Bxb7 Rb8 24. Rxb4 axb4 25. Rd7 b3 26. Rd3 b2 27. Rb3
Rxb7 28. a5 Rd7 29. b7 Rd1+ 30. Kg2 Be5 31. b8=Q+ Bxb8 32. Rxb8+ Kh7 33. Rxb2
Ra1 34. Rb5 g5 35. h4 Kg6 36. hxg5 hxg5 37. g4 Ra4 38. Kg3 Kf6 39. Rc5 Kg6 40.
Rb5 Kf6 41. Rc5 Kg6 42. f4 gxf4+ 43. exf4 Ra3+ 44. Kh4 Kf6 45. g5+ Kg6 46. Kg4
f5+ 47. gxf6 Kxf6 48. Rb5 Kg6 49. Rb6 Rxa5 50. Rxe6+ Kf7 51. Re2 Rb5 52. Rd2 Ra5
53. Rb2 Rc5 54. f5 Rc6 55. Kg5 Ra6 56. Re2 Rb6 57. Rc2 Ra6 58. Rc7+ Kf8 59. Rb7
Rc6 60. Rb5 Ra6 61. Re5 Rb6 62. Re4 Ra6 63. Re3 Rb6 64. Re2 Ra6 65. Kf4 Rb6 66.
Ke5 Ra6 67. Rd2 Ke7 68. Rd5 Rb6 69. Ra5 Rc6 70. Ra7+ Kf8 71. Rb7 Ra6 72. Rd7 Rb6
73. Rd6 Rxd6 74. Kxd6 Kf7 75. Ke5 Ke7 76. f6+ Kf7 77. Kf5 Kf8 78. Ke6 Ke8 79.
Ke5 Kf7 80. Kf5 Kf8 81. Ke5 Kf7 1/2-1/2

[Event "Titled Tue 10th Jun Early"]
[Site "chess.com INT"]
[Date "2025.06.10"]
[Round "2"]
[White "Nagare Kaivalya Sandip"]
[Black "Rojas Salas, Steven"]
[Result "1-0"]
[WhiteTitle "FM"]
[BlackTitle "IM"]
[WhiteElo "2321"]
[BlackElo "2354"]
[WhiteFideId "25957929"]
[BlackFideId "3819434"]
[EventDate "2025.06.10"]

1. e4 c5 2. Nf3 d6 3. d4 cxd4 4. Nxd4 Nf6 5. Nc3 Nc6 6. Bg5 Qb6 7. Nb3 e6 8. Qd2
a6 9. O-O-O Be7 10. f3 Bd7 11. g4 Ne5 12. Be2 Rc8 13. Be3 Qc7 14. h4 Nc4 15.
Bxc4 Qxc4 16. h5 h6 17. Kb1 b5 18. g5 hxg5 19. Bxg5 b4 20. Ne2 d5 21. e5 Ng8 22.
Ned4 a5 23. Nxa5 Qa6 24. Bxe7 Nxe7 25. Qxb4 Ra8 26. Nb7 Qxa2+ 27. Kc1 Nc8 28.
Kd2 Ra4 29. Qc3 Rc4 30. Ra1 Rxc3 31. Rxa2 Rc7 32. Nd6+ Ke7 33. Nxc8+ Rhxc8 34.
c3 Rb7 35. Rg1 Rh8 36. Rxg7 Rxh5 37. Rg2 Rxe5 38. b4 Rh5 39. f4 Rh4 40. Rf2 Rb8
41. Ra7 Kd6 42. Nb3 Rh3 43. Nc5 Be8 44. f5 e5 45. Ra6+ Kc7 46. f6 d4 47. cxd4
exd4 48. Re2 Re3 49. Rxe3 dxe3+ 50. Kxe3 Rxb4 51. Ra8 Kd6 52. Nd3 Bc6 53. Rd8+
Kc7 54. Nxb4 Kxd8 55. Nxc6+ Kd7 56. Nd4 Kd6 57. Ke4 Kc5 58. Ke5 Kb6 59. Nf3 Kc7
60. Ng5 Kd7 61. Nxf7 Ke8 62. Ng5 Kf8 63. Kf5 Kg8 64. Kg6 Kh8 65. Ne4 Kg8 66. f7+
Kf8 67. Ng5 Ke7 68. Nh7 Kd6 69. f8=Q+ Ke5 70. Ng5 Kd5 71. Qe7 Kd4 72. Kf5 Kc4
73. Ke4 Kb5 74. Kd5 Ka4 75. Kc4 Ka5 76. Qb7 Ka4 77. Qa7# 1-0

[Event "Titled Tue 10th Jun Early"]
[Site "chess.com INT"]
[Date "2025.06.10"]
[Round "2"]
[White "Yushko, Olga"]
[Black "Vedant, Nitin Vekhande"]
[Result "1-0"]
[WhiteTitle "WFM"]
[BlackTitle "CM"]
[WhiteElo "2033"]
[BlackElo "2167"]
[WhiteFideId "14114500"]
[BlackFideId "45073449"]
[EventDate "2025.06.10"]

1. d4 Nf6 2. c4 e6 3. Nc3 d5 4. cxd5 exd5 5. Bg5 Be7 6. e3 O-O 7. Bd3 c6 8. Nge2
Bg4 9. f3 Bh5 10. O-O Bg6 11. e4 dxe4 12. fxe4 Nxe4 13. Bxe7 Qxe7 14. Re1 Nxc3
15. Nxc3 Qd6 16. Bc4 Nd7 17. Kh1 Nb6 18. Bb3 Rad8 19. d5 cxd5 20. Nb5 Qb8 21.
Qd4 a6 22. Nc3 Nc4 23. Nxd5 Nd6 24. Rad1 Nf5 25. Qc5 Kh8 26. Nb6 Rxd1 27. Rxd1
Re8 28. Nd7 Qf4 29. Kg1 h6 30. Qf2 Qxf2+ 31. Kxf2 Rd8 32. Nc5 Rxd1 33. Bxd1 Nd6
34. Bf3 b6 35. Nxa6 Bd3 36. Nb4 Bc4 37. b3 Be6 38. Bd5 Kg8 39. Ke3 Kf8 40. Kd4
Ke7 41. Nc6+ Kd7 42. Ne5+ Ke7 43. a4 Nf5+ 44. Ke4 Nd6+ 45. Kd4 Nf5+ 46. Ke4
Bxd5+ 47. Kxd5 Ne3+ 48. Kc6 Nxg2 49. Kxb6 f6 50. Nf3 g5 51. a5 g4 52. Nd4 Ne3
53. a6 Nd5+ 54. Kc6 Nb4+ 55. Kb6 Nd5+ 56. Kc5 Nc7 57. a7 Kd7 58. Kb6 Kc8 59. Ne6
Na8+ 60. Kc6 f5 61. Nf4 Nc7 62. b4 Na8 63. b5 h5 64. b6 h4 65. b7+ Kd8 66.
bxa8=Q+ Ke7 67. Qb7+ Kf6 68. a8=Q g3 69. Qf8+ Ke5 70. Qbe7+ Kxf4 71. Qh6+ Kf3
72. hxg3 hxg3 73. Qee3+ Kg2 74. Qhf4 Kh1 75. Qe1+ Kh2 76. Qfxg3# 1-0

[Event "Titled Tue 10th Jun Early"]
[Site "chess.com INT"]
[Date "2025.06.10"]
[Round "2"]
[White "Yildiz, Egehan"]
[Black "Salimova, Asal"]
[Result "1-0"]
[WhiteTitle "FM"]
[BlackTitle "WCM"]
[WhiteElo "2198"]
[BlackElo "2063"]
[WhiteFideId "44518072"]
[BlackFideId "14204940"]
[EventDate "2025.06.10"]

1. d4 Nf6 2. c4 e6 3. Nf3 c5 4. d5 d6 5. Nc3 exd5 6. cxd5 g6 7. e4 a6 8. a4 Bg4
9. h3 Bxf3 10. Qxf3 Nbd7 11. Be2 Bg7 12. O-O O-O 13. Bg5 Qe7 14. Rfe1 h6 15. Bh4
g5 16. Bg3 Ne8 17. Qf5 Nc7 18. f4 gxf4 19. Bxf4 Ne5 20. Rf1 Rab8 21. Be3 b5 22.
axb5 axb5 23. Qh5 b4 24. Nd1 Kh7 25. Nf2 Nb5 26. Ng4 Nxg4 27. Bxg4 Nd4 28. Bf5+
Nxf5 29. Qxf5+ Kg8 30. Qg4 Kh8 31. Ra6 Ra8 32. Rc6 f5 33. Rxf5 Rxf5 34. Qxf5 Rf8
35. Rc8 Rxc8 36. Qxc8+ Kh7 37. Qf5+ Kh8 38. b3 Kg8 39. Kh1 Kh8 40. Qg6 Qe5 41.
Bxh6 Qa1+ 42. Kh2 Qe5+ 43. Kg1 Qd4+ 44. Kh1 Qa1+ 45. Kh2 Qe5+ 46. Kg1 Qd4+ 47.
Kf1 Qd1+ 48. Kf2 Qc2+ 49. Kf3 Qxb3+ 50. Kg4 Qd1+ 51. Kf5 Qf1+ 52. Ke6 Qf8 53.
Bxg7+ Qxg7 54. Qh5+ Kg8 55. Kxd6 Qf8+ 56. Kc6 Qc8+ 57. Kb5 Qb7+ 58. Kc4 Qa6+ 59.
Kxc5 b3 60. Qe8+ Kg7 61. Qe7+ Kg8 62. Qg5+ Kf8 63. Qf4+ Kg8 64. Qg3+ Kf8 65.
Qxb3 Qa5+ 66. Qb5 Qc3+ 67. Kb6 Qf6+ 68. Qc6 Qd4+ 69. Qc5+ Qxc5+ 70. Kxc5 Ke7 71.
e5 Kd7 72. e6+ Ke7 73. Kc6 Kd8 74. d6 Ke8 75. Kc7 Kf8 76. d7 Kg7 77. d8=Q Kh6
78. e7 Kh5 79. e8=Q+ Kh6 80. Qf6+ Kh7 81. Qfg6# 1-0

[Event "Titled Tue 10th Jun Early"]
[Site "chess.com INT"]
[Date "2025.06.10"]
[Round "2"]
[White "Buyankhishig, Batpelden"]
[Black "Smieszek, Wojciech"]
[Result "1/2-1/2"]
[WhiteTitle "WFM"]
[BlackTitle "CM"]
[WhiteElo "2015"]
[BlackElo "2141"]
[WhiteFideId "4923537"]
[BlackFideId "1156047"]
[EventDate "2025.06.10"]

1. d4 Nf6 2. c4 c5 3. d5 e6 4. Nc3 exd5 5. cxd5 d6 6. e4 g6 7. f4 Bg7 8. Bb5+
Nfd7 9. Be2 O-O 10. Nf3 a6 11. a4 Nf6 12. O-O Bg4 13. h3 Bxf3 14. Bxf3 Nbd7 15.
Be3 Re8 16. Qd2 Qb6 17. a5 Qc7 18. g4 h6 19. f5 g5 20. h4 Ne5 21. hxg5 Nfxg4 22.
Bxg4 Nxg4 23. gxh6 Nxe3 24. hxg7 Nxf1 25. Qh6 f6 26. Qh8+ Kf7 27. Qh7 Rg8 28.
Qg6+ Ke7 29. Kxf1 Qd7 30. e5 dxe5 31. Ne4 Qb5+ 32. Ke1 Qb4+ 33. Nd2 Qh4+ 34. Ke2
Rad8 35. Nf3 Qe4+ 36. Kf2 Rxd5 37. Re1 Qf4 38. Qh7 Rd2+ 39. Re2 Rxe2+ 40. Kxe2
Qc4+ 41. Kf2 Qf7 42. Nh4 Qxg7 43. Ng6+ Kd6 44. Qh3 Kc6 45. Qf3+ Kb5 46. Qd5 Qc7
47. Qb3+ Kc6 48. Qxg8 Qd6 49. Qe6 Qxe6 50. fxe6 Kd6 51. e7 Kd7 52. Ke3 f5 53.
Nxe5+ Kxe7 54. Kf4 Kd6 55. Kxf5 Kd5 56. Kf4 c4 57. Nf3 Kc5 58. Ke4 Kb4 59. Kd4
Kxa5 60. Kxc4 Ka4 61. Kc3 b5 62. Nd4 b4+ 63. Kc4 a5 64. Nc6 b3 65. Kc3 Kb5 66.
Nd4+ Ka4 67. Nxb3 Kb5 68. Nd4+ Ka4 69. b3+ Ka3 70. Nc2+ Ka2 71. Kc4 Kb2 72. Nd4
Ka3 73. Nb5+ Kb2 74. Nc7 Ka3 75. Nb5+ Kb2 76. Nc3 Ka3 77. Nb1+ Kb2 78. Kb5 Kxb3
79. Kxa5 1/2-1/2

[Event "Titled Tue 10th Jun Early"]
[Site "chess.com INT"]
[Date "2025.06.10"]
[Round "2"]
[White "Terlouw, Wouter"]
[Black "Lopez Rayo, Santiago"]
[Result "0-1"]
[WhiteTitle "CM"]
[BlackTitle "FM"]
[WhiteElo "2196"]
[BlackElo "2282"]
[WhiteFideId "1087401"]
[BlackFideId "4455665"]
[EventDate "2025.06.10"]

1. e4 c5 2. Nf3 d6 3. c3 Nf6 4. h3 Nc6 5. d4 cxd4 6. cxd4 Nxe4 7. d5 Qa5+ 8. Nc3
Nxc3 9. bxc3 Nb8 10. Qb3 g6 11. Bd3 Bg7 12. Bd2 Nd7 13. c4 Nc5 14. Bxa5 Nxb3 15.
axb3 Bxa1 16. Ke2 Bf6 17. g4 b6 18. Bd2 a5 19. Be3 a4 20. bxa4 Rxa4 21. Bxb6
Ra2+ 22. Kf1 Ra1+ 23. Kg2 Rxh1 24. Kxh1 h5 25. g5 Bg7 26. c5 dxc5 27. Bxc5 Bxh3
28. Kh2 Bd7 29. Kg3 h4+ 30. Nxh4 Be5+ 31. f4 Bxf4+ 32. Kxf4 Rxh4+ 33. Kf3 Rh3+
34. Ke2 Bf5 35. Bb5+ Kf8 36. d6 exd6 37. Bxd6+ Kg8 38. Be7 Bg4+ 39. Kf2 Rb3 40.
Bc4 Rc3 41. Bb5 Rf3+ 42. Kg2 Rf5 43. Bd3 Rd5 44. Bc4 Rd2+ 45. Kg3 Be6 46. Bb5
Rd5 47. Bc4 Ra5 48. Bf1 Ra7 49. Bf6 Kf8 50. Bb5 Rb7 51. Bc6 Rb6 52. Ba4 Bb3 53.
Bd7 Rd6 54. Bb5 Bd5 55. Bd4 Re6 56. Bc5+ Kg8 57. Bd4 Bc6 58. Bf1 Kf8 59. Bf6 Ke8
60. Kf4 Re4+ 61. Kg3 Kd7 62. Bh3+ Kd6 63. Bc8 Bd7 64. Bb7 Rg4+ 65. Kf3 Rb4 66.
Ba6 Ra4 67. Bf1 Bc6+ 68. Kg3 Ke6 69. Bd3 Be4 70. Bb5 Rb4 71. Ba6 Bc6 72. Bc8+
Kd5 73. Ba6 Ra4 74. Bc8 Kd6 75. Bg4 Bd7 76. Bd1 Ra3+ 77. Kf2 Kd5 78. Bf3+ Kc4
79. Be4 Be6 80. Kg2 Bd5 81. Bxd5+ Kxd5 82. Kf2 Ke4 83. Kg2 Kf5 84. Kf2 Ra6 85.
Bd8 Re6 86. Kf3 Rd6 87. Be7 Rd3+ 88. Kf2 Rd4 89. Kf3 Rg4 90. Bd8 Rxg5 91. Bxg5
Kxg5 92. Kg3 f5 0-1